000
00470nam a2200145Ia 4500
008
151213s9999 xx 000 0 und d
100
_a
দানীউল হক।
245
_a
ফূল ফোটা দ্বীপে।
_c
দানীউল হক।
260
_a
ঢাকা
_b
চিত্তরঞ্জণ শাহা।
_c
1987
300
_a
8638 p.
650
_a
Bangla
650
_a
গল্প।
700
_a
দানীউল হক।
999
_c
4425
_d
4425